MDQL
is popping MORE tags! Check the
thread
!
Quizzes
Events
Quiz Creation
Community
Videos
Private Events
Remove Ads
Sign In
Join for FREE
Feedback
Dark Mode
Quiz Categories
Sports
Geography
Music
Movies
Television
Just For Fun
Miscellaneous
History
Literature
Language
Science
Gaming
Entertainment
Religion
Holiday
For Kids
Quiz Lab
Recent
Popular Today
Quiz Kudos Today
Editor Picks
Curator Picks
Quizzes by...
Day
Popularity
Type
Ratings
Length
Year
Community
Subscriptions
Recent Discussions
Orange Saloon
Badges
Playlists
Quests
Create
Leaderboards
Showdown
Live 5
Trivia Bingo
Activity
Puzzle Library
Sporcle Events
Private Events
Virtual Trivia
Globe League
Become a Host
Pub Owners
SporcleCon
Opinionation
Our Games
Videos
Blog
Mobile Apps
Partnerships
Remove Ads and Go Orange
Feedback
Sports
Athletes
MLB
NBA
NHL
NFL
Soccer
Sports Teams
WWE
NCAA
Football
Premier League
Basketball
Baseball
Hockey
Golf
Tennis
Cricket
Rugby
Auto Racing
Olympics
World Cup
Sports
Athletes
MLB
NBA
NHL
NFL
Soccer
Sports Teams
WWE
NCAA
Football
Premier League
Basketball
Baseball
Hockey
Golf
Tennis
Cricket
Rugby
Auto Racing
Olympics
World Cup
Random Quiz
Search Sporcle
×
Quiz Lab
Quiz Lab
Sports
Nation
Type in answers that appear in a list
Type in answers that appear in a list
Classic
Best Score? Go Orange.
Top EPL Goalscorer by Nation Stats
Can you name the Top EPL Goalscorer by Nation?
By
JakePFC
10m
75 Questions
1,219 Plays
1,219 Plays
1,219 Plays
Comments
Comments
Give Quiz Kudos
Give Quiz Kudos
-
- Ratings
hide this ad
Replay
Link that replays current quiz
Next Quiz
Link to next quiz in quiz playlist
You Got
0%
They Got
Avg Score
34%
Avg Friend Score
Upgrade to see
Score Distribution
Jump to the score distribution portion of the page
Score
0/75
Timer
10:00
0
Plays Today
Nation
Player
% Correct
England
Alan Shearer
83.3%
France
Thierry Henry
82%
Ivory Coast
Didier Drogba
77.3%
Portugal
Cristiano Ronaldo
75%
Australia
Mark Viduka
73.5%
Ireland
Robbie Keane
72.1%
Wales
Ryan Giggs
69%
Trinidad & T.
Dwight Yorke
68.6%
Argentina
Carlos Tevez
67.8%
Bulgaria
Dimitar Berbatov
65.4%
Spain
Fernando Torres
63.1%
Togo
Emmanuel Adebayor
60.3%
South Korea
Park Ji-Sung
57.5%
Iceland
Eidur Gudjohnsen
56.3%
Norway
Ole Gunnar Solskjær
54.8%
Israel
Yossi Benayoun
51.7%
Holland
Jimmy Floyd Hasselbaink
49.3%
Germany
Jürgen Klinsmann
48.1%
Costa Rica
Paulo Wanchope
47.5%
Peru
Nolberto Solano
47%
Nigeria
Yakubu Aiyegbeni
46.7%
Paraguay
Roque Santa Cruz
45.6%
Egypt
Mido
44.4%
South Africa
Benni McCarthy
44.2%
USA
Brian McBride
44.2%
Mali
Frederic Kanoute
44.1%
Liberia
George Weah
42.5%
Belarus
Aliaksandr Hleb
41.5%
Ecuador
Antonio Valencia
39.1%
Finland
Mikael Forssell
36%
Scotland
Duncan Ferguson
36%
Brazil
Juninho
35.6%
Latvia
Marian Pahars
34.7%
Russia
Andrei Kanchelskis
33.7%
New Zealand
Ryan Nelsen
33.3%
Sweden
Fredrik Ljungberg
32.8%
Colombia
Juan Pablo Angel
32.7%
Ukraine
Sergei Rebrov
31.9%
Nation
Player
% Correct
Italy
Paolo Di Canio
31.4%
Canada
Tomasz Radzinski
29.3%
Czech Rep.
Patrik Berger
28.7%
Uruguay
Gustavo Poyet
28.2%
Romania
Dan Petrescu
27%
Grenada
Jason Roberts
26.8%
Japan
Junichi Inamoto
25.1%
DR Congo
Lomano LuaLua
25%
Ghana
Tony Yeboah
24.5%
Zimbabwe
Peter Ndlovu
24.2%
Guinea
Titi Camara
22.6%
Senegal
Henri Camara
22.6%
Hungary
Zoltán Gera
20.9%
Jamaica
Jason Euell
20.9%
Turkey
Muzzy Izzet
19.7%
Bermuda
Shaun Goater
18.8%
Serbia
Savo Milošević
18.1%
Austria
Paul Scharner
17.3%
Greece
Stelios Giannakopoulous
16.3%
Montserrat
Ruel Fox
16.1%
Gabon
Daniel Cousin
15.8%
N. Ireland
Iain Dowie
14.4%
Georgia
Temuri Ketsbaia
14.2%
Congo Rep.
Christopher Samba
14%
Slovakia
Szilárd Németh
12.2%
Croatia
Alen Bokšić
11.7%
Cameroon
Joseph-Desire Job
10.1%
Denmark
Henrik Pedersen
9.3%
Barbados
Emmerson Boyce
9%
Morocco
Hassan Kachloul
8.9%
Mexico
Guillermo Franco
8.2%
Algeria
Hameur Bouazza
8%
Tunisia
Radhi Jaidi
7.8%
Switzerland
Ramon Vega
5.6%
Macedonia
Ǵorǵi Hristov
4.6%
Chile
Clarence Acuña
4.4%
Belgium
Branko Strupar
4.1%
Quiz Playlist
Details
Report
Send in Message
Add To Playlist
Classic:
Type in answers that appear in a list
Last Updated: Dec 7, 2018
Quiz Scoreboard
CHALLENGE
Sign Up to Join the Scoreboard
Show All
Scores
Hide
Comments
May contain spoilers
Recently Published
5x2 Blitz: Bands
by SL_Kpop136
Music
30s
Colored Red Africa Blitz
by spor1
Geography
30s
Find the 'City' Movie
by crazypaving
Movies
60s
More to Explore
Quiz From the Vault
Featured Blog Post
14 Easter Pick-up Lines to Find Eggs With
hide this ad
You Might Also Like...
Tags
Nation Quiz
Premier League Quiz
goal
Goal Scorers
Player
Today's Top Quizzes in Sports
Browse Sports
hide this ad
Today's Top Quizzes in Nation
Browse Nation
Top Contributed Quizzes in Sports
1
Les entraîneurs de l'OM et du PSG au 21e siècle
2
Les meilleurs buteurs des matchs entre le PSG et l’OM
3
Les joueurs passés par le PSG et l'OM
4
Players with Multiple 50 Home Run Seasons
5
2022 World Cup Stars
6
Criteria MLB: Left Handed Sluggers
7
NBA Logic Puzzle 2.0
8
MLB Players with Two .350 Batting Average Seasons
9
Top 10 NHL Goal Scorers of All Time
10
Les joueurs passés par le LOSC et le RC Lens
Explore More
Trending Topics
Disney
Crossword
Anime
Kpop
NBA
Harry Potter
Marvel
Pokémon
The Office
WWE
Song
NFL
Soccer
Country
Puzzle
hide this ad
More By:
JakePFC
Quiz
Plays
Rating
Category
Featured
Created
English Football Clubs
856,241
4.58
Sports
Oct 9, 2009
Premier League Winners' First XI
555,543
4.46
Sports
Sep 13, 2010
English Football Champions
288,975
4.77
Sports
Nov 21, 2009
Premier League Relegated Clubs
187,295
4.64
Sports
May 1, 2010
FA Cup Winning XIs
82,841
4.39
Sports
Apr 9, 2010
Go to Creator's Profile
Score Distribution
Quiz Creator Spotlight
JakePFC
Follow
Send a Message
Quizzes Created
-
Created Quiz Play Count
-
More By This Creator
Popular Quizzes Today
1
Colored Red Africa Blitz
2
Find the 'City' Movie
3
Find the US States - No Outlines Minefield
4
5x2 Blitz: Bands
5
The Countries of the World
6
Find the US States
7
US States
8
Find the Countries of Europe - No Outlines Minefield
More Sports Quizzes
NHL Point Leaders from 2000-01 through 2020-21
Quiz Lab
Trending Quizzes
Colored Red Europe Blitz I
Colored Red Africa Blitz II
Colored Red Europe Blitz II
Colored Red Europe Blitz III
Colored Red Africa Blitz III
Recently Updated
How Do You Spell That?
pecheneg
Godzilla Movies
pecheneg
Grab Bag: 4-10 Letters
pecheneg
2024 March Madness Bracket
pecheneg
Famous TV Couples
Peacemaker
Champions League XIs: Real Madrid
pecheneg
Largest US Cities 1790-2010
pecheneg
Rides in Walt Disney World
pecheneg
Most Oscar Losses (Acting)
pecheneg
Beyoncé Albums
pecheneg
Trending Topics
Harry Potter
Anime
Disney
Kpop
Crossword
Marvel
NBA
Country
NFL
The Office
Pokémon
Soccer
WWE
Song
Puzzle
Your Account Isn't Verified!
In order to create a playlist on Sporcle, you need to verify the email address you used during registration. Go to your
Sporcle Settings
to finish the process.
Report this User
Report this user for behavior that violates our
Community Guidelines
.
Details:
Send Report
Go to the Sporcle.com Mobile Site →
Comments